Les stars de la Coupe du Monde - Russie 2018 - Statistiques

Statistiques générales
  • Ce quiz a été pris 65 fois
  • Le résultat moyen est 30 sur 36
Statistiques - réponses
Par images Réponse % Correct
Cristiano Ronaldo
96%
Messi
96%
Neymar
96%
Pogba
96%
Varane
96%
Griezmann
95%
Kane
95%
Mbappe
95%
Modric
95%
De Bruyne
93%
Hazard
93%
Luis Suárez
93%
Salah
93%
Cavani
91%
Courtois
91%
Iniesta
91%
Sergio Ramos
91%
Lewandowski
89%
Mane
89%
Müller
89%
Son
89%
Falcao
88%
Sterling
86%
Casemiro
84%
Eriksen
84%
James Rodríguez
84%
Agüero
82%
Isco
81%
Mandzukic
81%
Rakitic
81%
Shaqiri
77%
Benatia
63%
Honda
63%
Vela
35%
Cheryshev
19%
Guerrero
12%
Aucun quiz correspondant
Distribution des résultats
% des personnes avec chaque résultat
Percentile par nombre de réponses
Votre historique - résultats
Vous n’avez pas pris ce quiz